000 00723nam a2200289Ia 4500
005 20260324151029.0
008 008 260324s9999 xx 000 0 eng d
020 _a9781315687308
037 _aEBOOK
040 _aCRL
040 _beng
040 _cCRL
041 _2eng
041 _aeng
084 _qCRL
100 _aOsborn Waterhouse
_91228483
245 4 _aThe Non-Cycle Mystery Plays
245 0 _bTogether with 'The Croxton Play of the Sacrament' and 'The Pride of Life'
260 _bTaylor and Francis
260 _c1909
365 _a
365 _b205
856 _uhttp://www.taylorfrancis.com/books/9781315687308
942 _cEBOOK
999 _c1838918
_d1838918